Online katalóg knižníc regiónu Turca

Intímna rukoväť pre dievčatá (Record no. 22976)

MARC details
000 -LEADER
fixed length control field 01305nam a2200397 a 4500
001 - CONTROL NUMBER
control field 22976
003 - CONTROL NUMBER IDENTIFIER
control field SK-KTurca
005 - DATE AND TIME OF LATEST TRANSACTION
control field 20260513093946.0
008 - FIXED-LENGTH DATA ELEMENTS--GENERAL INFORMATION
fixed length control field 240226s2000 xo r slo
015 ## - NATIONAL BIBLIOGRAPHY NUMBER
National bibliography number SNBA2000/08-02664
020 ## - INTERNATIONAL STANDARD BOOK NUMBER
International Standard Book Number 8088963400
035 ## - SYSTEM CONTROL NUMBER
System control number SNK000345417
035 ## - SYSTEM CONTROL NUMBER
System control number urn:nbn:sk:snk-amklat
035 ## - SYSTEM CONTROL NUMBER
System control number urn:nbn:sk:snk-am003tzo
035 ## - SYSTEM CONTROL NUMBER
System control number 7594D240-7C49-4F8C-B091-83B1BE7B6DC3
040 ## - CATALOGING SOURCE
Original cataloging agency SNK
Language of cataloging slo
Transcribing agency SNK
Description conventions AACR2
041 0# - LANGUAGE CODE
Language code of text/sound track or separate title slo
044 ## - COUNTRY OF PUBLISHING/PRODUCING ENTITY CODE
MARC country code xo
ISO country code SK
080 ## - UNIVERSAL DECIMAL CLASSIFICATION NUMBER
Universal Decimal Classification number 613.88-055.25(035)
Edition identifier 1981
100 1# - MAIN ENTRY--PERSONAL NAME
Personal name Stoppard, Miriam,
Dates associated with a name 1937-
Relationship aut
240 10 - UNIFORM TITLE
Uniform title Every girl's lifeguide
Language of a work Slovensky
245 10 - TITLE STATEMENT
Title Intímna rukoväť pre dievčatá
Statement of responsibility, etc. Miriam Stoppardová ; [z anglického originálu preložili Mária Jakubičková a Vladimír Varsík]
260 ## - PUBLICATION, DISTRIBUTION, ETC.
Place of publication, distribution, etc. Bratislava
Name of publisher, distributor, etc. Media klub
Date of publication, distribution, etc. 2000
300 ## - PHYSICAL DESCRIPTION
Extent 125 s.
Other physical details fareb. fotogr.
Dimensions 22 cm
500 ## - GENERAL NOTE
General note Fotogr. na tit. strane
500 ## - GENERAL NOTE
General note Údaj o prekl. prevzatý z rubu tit. strany
504 ## - BIBLIOGRAPHY, ETC. NOTE
Bibliography, etc. note Reg.
650 07 - SUBJECT ADDED ENTRY--TOPICAL TERM
Topical term or geographic name entry element dospievanie
Source of heading or term SNK
650 07 - SUBJECT ADDED ENTRY--TOPICAL TERM
Topical term or geographic name entry element dospievajúce dievčatá
Source of heading or term SNK
650 07 - SUBJECT ADDED ENTRY--TOPICAL TERM
Topical term or geographic name entry element sexuálna výchova
Source of heading or term SNK
655 #7 - INDEX TERM--GENRE/FORM
Genre/form data or focus term príručky
Source of term SNK
700 1# - ADDED ENTRY--PERSONAL NAME
Personal name Jakubičková, Mária
Relationship trl
700 1# - ADDED ENTRY--PERSONAL NAME
Personal name Varsik, Vladimír,
Dates associated with a name 1964-
Relationship trl
942 ## - ADDED ENTRY ELEMENTS (KOHA)
Source of classification or shelving scheme Dewey Decimal Classification
Koha item type Odborná literatúra pre dospelých
Suppress in OPAC No
Holdings
Stav vyradenia Strata Poškodenie Spôsob nadobudnutia Domovská knižnica Aktuálna knižnica Dátum nadobudnutia Total checkouts Čiarový kód exemplára Date last seen Typ exemplára
      Dar Obecná knižnica Turčianska Štiavnička Obecná knižnica Turčianska Štiavnička 13.05.2026   4738001275 13.05.2026 Odborná literatúra pre dospelých
Projekt je podporený Slovenskou asociáciou knižníc
Prevádzkuje Turčianska knižnica Martin 2026